| 000 | 00536 a2200169 4500 | ||
|---|---|---|---|
| 003 | Nust | ||
| 005 | 20230526084013.0 | ||
| 020 | _a0335089623 | ||
| 040 | _cNust | ||
| 082 | _a004,OPE | ||
| 245 |
_aLiving with Technology : _bA Foundation Course / |
||
| 260 |
_aLondon _bThe Open University _c1982 |
||
| 300 | _a28 p. | ||
| 505 | _aIntroduction (Page-4), Software (Page-7), Binary (Page-14), Computer Memory (Page-16), The Processor (Page-19), Conclusion (Page-25). | ||
| 650 |
_acomputer technology _9112643 |
||
| 942 |
_2ddc _cBKB |
||
| 999 |
_c193285 _d193285 |
||